| 000 | 00679nam a22002057a 4500 | ||
|---|---|---|---|
| 003 | OSt | ||
| 005 | 20260427061048.0 | ||
| 008 | 260427b |||||||| |||| 00| 0 eng d | ||
| 020 | _a0-684-87015-0 | ||
| 040 |
_aDWC-Main lib _cOC |
||
| 082 | _aCirc. 808.042 R618s 2000 | ||
| 100 | _aRodman, David | ||
| 245 |
_aSAT* II : writing, 2000-2001 / _cDavid Rodman |
||
| 260 |
_aNew York : _bSimon & Schuster, _cc2000. |
||
| 300 |
_axi, 346 pages ; _c27 cm. |
||
| 650 | _a1. English language-Composition and exercises- Examinations-Study guides | ||
| 650 | _a2. Report writing-Study guides | ||
| 650 | _a3. SAT (Educational Test)- Study guides | ||
| 942 |
_2ddc _cBK-CIRC _hCirc. _n0 |
||
| 999 |
_c9934 _d9934 |
||